000 00766cam a2200265 i 4500
001 200467200
003 TR-AnTOB
005 20260127173123.0
007 ta
008 050805n TU a 00100 tur D
040 _aTR-AnTOB
_beng
_erda
_cTR-AnTOB
041 1 _atur
060 _aQS 17
_bS965
096 _aQS 17
_bS965
245 0 0 _aSüt çocuğu :
_bşeffaf anatomi atlası.
264 1 _aİstanbul :
_bAbbott Laboratories,
_c[date of publication not identified].
300 _a[16] pages :
_billustrations ;
_c24 cm
336 _atext
_btxt
_2rdacontent
337 _aunmediated
_bn
_2rdamedia
338 _avolume
_bnc
_2rdacarrier
500 _aIncludes index.
650 1 2 _aAnatomy
_vAtlases.
_9104922
942 _2NLM
_cBK
999 _c200467200
_d85412